000 01249nam a2200229Ia 4500
001 L860-37682
003 IT-CnALBA
008 170116s9999||||xx |||||||||||||| ||und||
040 _aIT-CnALBA
_cIT-CnALBA
041 _aITALIANO
100 _aAA. VV.
245 0 _aLE PIÙ BELLE PAGINE DELLA LETTERATURA SPAGNOLA. VOL. II. DAL MDCC AI GIORNI NOSTRI. 1700 AI GIORNI ...
250 _a1a ed.
260 _aMILANO
_bACCADEMIA NUOVA, EDITRICE
_c1959 [1° Ed.: n.d.]
300 _a1110 p.
500 _aCURATORE GALLO U. GASPARETTI A. INDICE ONOMASTICO. INDICE GENERALE DEL VOLUME II. TAVOLE ILLUSTRATE. FEIJOO DIEGO DE TORRES VILLAROEL. TOMAS DE IRIARTE. J. MELENDEZ VALDES. CADALSO JOSÈ. VASQUEZ DE ANDRADE. G. MELCHOR DE JOVELLANOS. L. FERNANDEZ DE MARATI
501 _aSocietà San Paolo EM - Piazza San Paolo, 14 - 12051 ALBA (CN) (non commercial uses only) ® Copyright 2017
520 _aCURATORE GALLO U. GASPARETTI A. INDICE ONOMASTICO. INDICE GENERALE DEL VOLUME II. TAVOLE ILLUSTRATE. FEIJOO DIEGO DE TORRES VILLAROEL. TOMAS DE IRIARTE. J. MELENDEZ VALDES. CADALSO JOSÈ. VASQUEZ DE ANDRADE. G. MELCHOR DE JOVELLANOS. L. FERNANDEZ DE MARATI
650 _aLETTERATURA SPAGNOLA E PORTOGHESE
942 _cBK
957 _71
999 _a42454
_bNO
_g Copie: 1
_c296489
_d296489